000 00731nam a2200217Ii 4500
003 JO-AjNU
008 230605s9999||||xx |||||||||||||| ||und||
040 _aJO-AjNU
_bara
_erda
_cJO-AjNU
041 _aara
050 1 4 _aQC353.R6712 2003
100 3 _aراشد ، رشدي,
_eauthor
_924451
245 0 0 _aعلم المناظر وعلم انعكاس الضوء
250 _aط1
264 3 1 _aبيروت:مركز دراسات الوحدة العربيه ، 2003
300 _a594ص
336 _atext
_btxt
_2rdacontent
337 _aunmediated
_bn
_2rdamedia
338 _avolume
_bnc
_2rdacarrier
490 0 _aسلسلة تاريخ العلوم عند العرب 1
650 4 _aعلم البصريات-الضوء
_924452
999 _aA9006
_c12574
_d12574